Statistics for Countries with the Most Active Troops

Click here to take the quiz!

General Stats

  • This quiz has been taken 17 times
  • The average score is 16 of 20

Answer Stats

Active TroopsAnswer% Correct
438,500Egypt
100%
1,320,000Russia
100%
366,500Brazil
94%
2,185,000China
94%
1,455,550India
94%
610,000Iran
94%
1,280,000North Korea
94%
660,000Pakistan
94%
599,000South Korea
94%
1,328,000United States
94%
395,500Indonesia
88%
247,150Japan
88%
227,000Saudi Arabia
88%
360,850Thailand
75%
482,000Vietnam
75%
406,000Myanmar
69%
250,000Afghanistan
63%
293,200Colombia
63%
355,200Türkiye
19%
255,000Sri Lanka
13%

Score Distribution

Percentile by Number Answered

Percent of People with Each Score

Your Score History

You have not taken this quiz